Racial Profiling and Human Rights in Canada

Detalles Bibliográficos
Autor principal: Azmi, Shaheen
Otros Autores: Foster, Lorne, Jacobs, Lesley A.
Formato: eBook
Lenguaje:inglés
Publicado: Toronto: Irwin Law Inc., 2018
Materias:
Acceso en línea:Acceso restringido

MARC

LEADER 00000nam a22000007a 4500
005 20210813120712.0
007 cr|||| ||||
008 210813s2018 ca |||||s|||| 00||0 eng d
020 |a 978-1-55221-483-1 
035 |a 34996 
040 |a vLex 
090 |c 12017  |d 12017 
100 1 |a Azmi, Shaheen 
245 1 0 |a Racial Profiling and Human Rights in Canada  |h [Recurso electrn̤ico] /  |c Shaheen Azmi, Lorne Foster, Lesley A. Jacobs 
256 |a Servicio en ln̕ea 
260 |a Toronto:  |b Irwin Law Inc.,  |c 2018 
300 |a 1 recurso electrn̤ico 
506 1 |a Disponible solo en los productos indicados  |d vLex Global  |d vLex Global (Academic Edition, excluding Law Schools)  |d vLex Global (U.S. Academic Edition, Law Schools)  |d vLex Global (U.S. Academic Edition, excluding Law Schools)  |d vLex Global (Academic Edition, Law Schools) 
650 0 4 |a Derecho Constitucional  |z Canad̀ 
700 1 |a Foster, Lorne 
700 1 |a Jacobs, Lesley A. 
740 0 |a vLex Libros (Servicio en ln̕ea) 
856 4 0 |u https://app.vlex.com/#/sources/34996  |z Acceso restringido 
942 |c BOOK 
999 0 |a Constitutional right